000 00816nam a22001937a 4500
003 OSt
005 20260128093240.0
008 230321b ||||| |||| 00| 0 eng d
040 _cOst
041 _ashan
082 _a001.01
245 _aပပ်ႉဢွၼ်ႇလီႁဵၼ်းႁူႉ။
_cလုင်းၸၢႆးၾႃႈ ၵဵပ်းႁွမ်တႅမ်ႈ-
300 _a59 ၼႃႈ
_bႁၢင်ႈ
_c21 ၸိၼ်ႇထီႉ
500 _aမၢႆ 2487 ပဵၼ်ပပ်ႉၸဝ်ႈတႃႇၼႁင်းၶေႃ တွၵ်ႉတိူဝ်ႇၸၢႆးဢွင်ႇထုၼ်း
500 _a S-SAT: Dr. Prof Sai Aung Tun
650 _aပႁုသုတ (တၢင်းႁူႉၵူႈလွင်ႈလွင်ႈ)
942 _cBK
942 _2ddc
999 _c23440
_d23440